000 00294nam a22001217a 4500
082 _a894.812.3
_bSHA/K
100 _aSHARON BOOKS
245 _aKOTHIYANU PATIYA CHATHI
_bBALAKADAKAL
260 _aCHERTHALA
_bSHARON BOOKS
300 _a66
650 _aMALAYALAM SHORT STORIES
_zKERALA
942 _cBK
999 _c1149
_d1149